000
00321nam a2200109Ia 4500
008
221009s9999 xx 000 0 und d
082
_a
100/AUR BOOK
100
_a
Sri Aurobindo Ashram Publication Dep
245
4
_a
The complete Works of Sri Aurobindo Vol 15
260
_b
Sri Aurobindo Ashram Publication Dep
942
_c
BK
999
_c
64836
_d
64836